[Event "Landesklasse Ost 2024/25"]
[Site "?"]
[Date "2025.05.11"]
[Round "9.4"]
[White "Häusler, Willi"]
[Black "Strohner, Maximilian"]
[Result "0-1"]
[WhiteElo "1710"]
[BlackElo "1777"]
[PlyCount "102"]
[EventDate "2024.09.15"]
[EventType "team-tourn"]
[EventRounds "9"]
[WhiteTeam "SV Thuringia Königsee"]
[BlackTeam "SC Turm Erfurt"]

{[%evp 0,102,27,26,37,30,42,17,24,-21,3,0,7,23,24,3,11,-27,25,39,33,36,35,37,38,38,45,41,10,11,11,-16,21,-7,28,0,8,-53,6,-63,-42,-54,-78,-79,-118,-118,-84,-171,-119,-290,-224,-222,-233,-247,-248,-211,-246,-246,-221,-224,-237,-241,-178,-180,-181,-184,-201,-209,-224,-217,-217,-225,-211,-220,-227,-226,-226,-247,-248,-260,-260,-308,-248,-332,-325,-332,-334,-328,-295,-364,-381,-398,-386,-400,-346,-372,-372,-372,-372,-516,-576,-640,-658,-684,-675]} 1. e4 e5 2. Nf3 Nc6 3. Bb5 a6 4. Ba4 Nf6 5. O-O b5 6. Bb3 Be7 7. Re1 O-O 8. c3 d5 9. exd5 Nxd5 10. Nxe5 Nxe5 11. Rxe5 c6 12. d4 Bd6 13. Re1 Qh4 14. g3 Qh3 15. Re4 g5 16. Qf1 Qh5 17. Bd1 g4 18. h3 Nf6 19. hxg4 Bxg4 20. Bxg4 Nxg4 21. Qg2 f5 22. Re1 Rae8 23. Rf1 Re2 24. Nd2 Ne3 25. fxe3 Rxg2+ 26. Kxg2 Qe2+ 27. Rf2 Qxe3 28. Nf3 Qe4 29. Bg5 Qg4 30. Bh4 f4 31. Ne5 Bxe5 32. dxe5 fxg3 33. Rxf8+ Kxf8 34. Rf1+ Ke8 35. Bxg3 h5 36. Rf4 Qe2+ 37. Rf2 Qe4+ 38. Kf1 Qb1+ 39. Kg2 Qxa2 40. Bh2 a5 41. Kf1 Qb1+ 42. Kg2 b4 43. cxb4 axb4 44. e6 Qe4+ 45. Kf1 Qb1+ 46. Kg2 Qd1 47. Bg3 Qg4 48. Rf4 Qe2+ 49. Bf2 Qxb2 50. Kf3 Qc3+ 51. Ke4 b3 0-1

[Event "Landesklasse Ost 2024/25"]
[Site "?"]
[Date "2025.05.11"]
[Round "9.5"]
[White "Stöcklein, Paul"]
[Black "Steiger, Bernd"]
[Result "1-0"]
[WhiteElo "1634"]
[BlackElo "1783"]
[PlyCount "79"]
[EventDate "2024.09.15"]
[EventType "team-tourn"]
[EventRounds "9"]
[WhiteTeam "SC Turm Erfurt"]
[BlackTeam "SV Thuringia Königsee"]

{[%evp 0,79,28,28,42,24,17,24,24,0,7,0,24,6,21,-7,-9,16,10,-5,-7,11,6,7,49,53,37,50,45,58,61,18,63,33,39,7,0,-17,47,29,138,-11,-26,-71,-73,-33,-13,-39,-33,-40,-47,-43,-31,-9,5,23,38,0,7,22,34,-68,-77,-48,-40,-62,9,-79,77,120,547,602,592,643,664,692,29991,29992,29999,29992,29993,29994]} 1. e4 e5 2. Nf3 Nc6 3. Bb5 a6 4. Ba4 Nf6 5. O-O Be7 6. Re1 d6 7. c3 b5 8. Bc2 Bg4 9. h3 Bh5 10. d3 h6 11. Be3 Nh7 12. a4 Bg5 13. Nbd2 Bxe3 14. Rxe3 Ng5 15. Qb1 b4 16. a5 O-O 17. Bb3 Rb8 18. Qa2 Rb5 19. Nxg5 Rxa5 20. Qb1 Qxg5 21. Bd5 bxc3 22. bxc3 Rb5 23. Qc2 Ne7 24. Bc4 Rb6 25. Nf3 Bxf3 26. Rxf3 d5 27. exd5 Rfb8 28. d6 cxd6 29. Bxf7+ Kh8 30. Bc4 d5 31. Ba2 Rb2 32. Qa4 Qd2 33. Qa3 Ng6 34. Bxd5 Rb1+ 35. Rxb1 Rxb1+ 36. Kh2 Qb2 37. Qxa6 Qb6 38. Qc8+ Kh7 39. Bg8+ Kh8 40. Bf7+ 1-0

[Event "Landesklasse Ost 2024/25"]
[Site "?"]
[Date "2025.05.11"]
[Round "9.6"]
[White "Quandt, Friedbert"]
[Black "Waldhelm, Bernward"]
[Result "1/2-1/2"]
[WhiteElo "1656"]
[BlackElo "1606"]
[PlyCount "26"]
[EventDate "2024.09.15"]
[EventType "team-tourn"]
[EventRounds "9"]
[WhiteTeam "SV Thuringia Königsee"]
[BlackTeam "SC Turm Erfurt"]

{[%evp 0,26,28,19,30,32,27,21,30,27,37,16,13,-12,-4,-14,-25,-16,-10,-43,-20,-26,-26,-26,-26,-62,-28,-31,-21]} 1. d4 d5 2. Bf4 Nf6 3. e3 c5 4. c3 e6 5. Bd3 Bd6 6. Nf3 Bxf4 7. exf4 cxd4 8. cxd4 Nc6 9. Bb5 Bd7 10. O-O Qb6 11. Bxc6 Bxc6 12. b3 O-O 13. Nc3 Rac8 1/2-1/2

[Event "Landesklasse Ost 2024/25"]
[Site "?"]
[Date "2025.05.11"]
[Round "9.7"]
[White "Boroshnev, Dmytro"]
[Black "Margraf, Moritz"]
[Result "1/2-1/2"]
[WhiteElo "1776"]
[BlackElo "1504"]
[PlyCount "77"]
[EventDate "2024.09.15"]
[EventType "team-tourn"]
[EventRounds "9"]
[WhiteTeam "SC Turm Erfurt"]
[BlackTeam "SV Thuringia Königsee"]

{[%evp 0,77,30,28,27,53,30,48,45,47,45,33,9,1,17,23,0,-3,11,10,10,22,25,25,26,22,45,44,36,29,33,32,27,29,32,37,37,13,28,41,51,-36,3,-3,-3,-4,20,20,21,27,38,21,16,5,29,29,9,13,10,9,8,12,13,0,0,0,7,7,8,9,9,2,2,0,11,0,0,0,10,6]} 1. e4 e6 2. d4 d5 3. Nd2 dxe4 4. Nxe4 Bd7 5. a4 Bc6 6. Bb5 a6 7. Bxc6+ Nxc6 8. Nf3 Be7 9. c3 Nf6 10. Nxf6+ Bxf6 11. O-O O-O 12. Bf4 Re8 13. Re1 Be7 14. a5 Bd6 15. Qd2 Bxf4 16. Qxf4 Qd6 17. Qg4 Qd5 18. h4 e5 19. Qf5 f6 20. Re2 Ne7 21. Qc2 exd4 22. Nxd4 Nc6 23. Nxc6 Qxc6 24. Rae1 Rxe2 25. Qxe2 Rd8 26. b4 Qd7 27. c4 Kf8 28. Qe3 Re8 29. Qc5+ Qd6 30. Rxe8+ Kxe8 31. Qh5+ Kf8 32. b5 Qe5 33. Qf3 Qa1+ 34. Kh2 Qxa5 35. Qxb7 axb5 36. cxb5 Qb6 37. Qc8+ Kf7 38. Qd7+ Kf8 39. Qd8+ 1/2-1/2

[Event "Landesklasse Ost 2024/25"]
[Site "?"]
[Date "2025.05.11"]
[Round "9.8"]
[White "Elsässer, Alexander"]
[Black "Grüner, Nico"]
[Result "0-1"]
[WhiteElo "1449"]
[BlackElo "1565"]
[PlyCount "96"]
[EventDate "2024.09.15"]
[EventType "team-tourn"]
[EventRounds "9"]
[WhiteTeam "SV Thuringia Königsee"]
[BlackTeam "SC Turm Erfurt"]

{[%evp 0,96,19,9,19,9,-2,-3,-3,-10,13,-6,19,18,7,7,3,-13,-17,-26,-34,-22,-39,-84,-42,-49,-25,-41,-43,-43,-9,-42,124,124,252,-119,-101,-377,-293,-320,-274,-339,-382,-487,-475,-501,-465,-472,-472,-472,-475,-473,-478,-554,-489,-545,-477,-523,-501,-569,-591,-666,-566,-600,-628,-644,-622,-676,-676,-684,-689,-686,-644,-671,-656,-653,-546,-604,-627,-628,-643,-643,-653,-586,-672,-745,-741,-741,-910,-993,-1060,-1459,-1087,-1469,-1469,-1542,-1459,-1789,-2017]} 1. d4 Nf6 2. f3 d5 3. e4 dxe4 4. Nc3 exf3 5. Nxf3 g6 6. Bc4 Bg7 7. Bf4 c6 8. O-O O-O 9. Qd2 Nbd7 10. Bh6 Nb6 11. Be2 Nbd5 12. Bxg7 Kxg7 13. Ne5 Nxc3 14. bxc3 Qa5 15. Rf4 Nd5 16. Rh4 h5 17. Bxh5 Qxc3 18. Qd1 Qe3+ 19. Kh1 Qf2 20. Nf3 Rh8 21. Qd3 Bf5 22. Qf1 Qxf1+ 23. Rxf1 Rxh5 24. Rxh5 gxh5 25. Ne5 Be6 26. h4 Rg8 27. Rf3 Nf6 28. c4 Kf8 29. a4 Ng4 30. Nxg4 hxg4 31. Rc3 g3 32. Kg1 Rg4 33. d5 cxd5 34. cxd5 Bxd5 35. h5 Be6 36. h6 Rxa4 37. Rxg3 Rg4 38. Rd3 Kg8 39. Kf2 Kh7 40. Rc3 Kxh6 41. Rc7 a5 42. Rxb7 Rxg2+ 43. Kf1 Ra2 44. Rxe7 a4 45. Ke1 a3 46. Ra7 Ra1+ 47. Kd2 a2 48. Kc2 Rb1 0-1

[Event "Landesklasse West 2024/25"]
[Site "?"]
[Date "2025.05.11"]
[Round "9.1"]
[White "Kurze, Christoph"]
[Black "Minor, Viatcheslav"]
[Result "0-1"]
[WhiteElo "1973"]
[BlackElo "1966"]
[PlyCount "80"]
[EventDate "2024.09.15"]
[EventType "team-tourn"]
[EventRounds "9"]
[WhiteTeam "SV Ammern"]
[BlackTeam "SV Wartburgstadt Eisenach"]

1. e4 e6 2. d4 d5 3. Nd2 c5 4. Ngf3 cxd4 5. exd5 Qxd5 6. Bc4 Qd6 7. O-O Nf6 8. Nb3 Nc6 9. Nbxd4 Nxd4 10. Nxd4 a6 11. Re1 Qc7 12. Qe2 Bd6 13. h3 O-O 14. Bd3 h6 15. Nf3 Re8 16. Ne5 Bxe5 17. Qxe5 Qxe5 18. Rxe5 Bd7 19. c4 Bc6 20. Bf4 Nd7 21. Ree1 e5 22. Be3 e4 23. Be2 a5 24. b3 Ne5 25. Red1 f5 26. h4 Kh7 27. Rd6 Nf7 28. Rd2 Re6 29. Rad1 Rae8 30. Bb6 Ra8 31. c5 Ne5 32. Rd6 Ree8 33. a3 f4 34. Bc7 f3 35. gxf3 Nxf3+ 36. Bxf3 exf3 37. Rd8 Raxd8 38. Bxd8 a4 39. bxa4 Bxa4 40. Kh2 Bxd1 0-1

[Event "Landesklasse West 2024/25"]
[Site "?"]
[Date "2025.05.11"]
[Round "9.2"]
[White "Mutka, Oleksandr"]
[Black "Thon, Philipp"]
[Result "1-0"]
[WhiteElo "1825"]
[BlackElo "1956"]
[PlyCount "67"]
[EventDate "2024.09.15"]
[EventType "team-tourn"]
[EventRounds "9"]
[WhiteTeam "SV Wartburgstadt Eisenach"]
[BlackTeam "SV Ammern"]

{[%evp 0,67,19,-30,-19,-19,-33,-31,-38,-29,0,-4,0,-15,-4,-13,28,-8,3,5,8,-6,6,-27,-13,-6,22,3,6,15,16,-39,-28,-28,21,40,22,31,16,9,-20,-24,10,-21,52,52,50,74,71,112,122,95,147,164,370,124,146,103,241,241,251,288,315,274,425,312,387,329,323,348]} 1. f4 Nf6 2. Nf3 d5 3. e3 Bg4 4. b3 g6 5. Bb2 Bg7 6. Be2 O-O 7. O-O a5 8. a3 c6 9. d3 Nbd7 10. Nbd2 Qb6 11. Bd4 c5 12. Bb2 h6 13. Rb1 Qe6 14. Ne5 Nxe5 15. fxe5 Bxe2 16. Qxe2 Ng4 17. d4 h5 18. h3 Nh6 19. Nf3 Nf5 20. Qf2 Bh6 21. Bc1 Qb6 22. g4 cxd4 23. gxf5 dxe3 24. Qe2 gxf5 25. Bb2 f4 26. Kh2 Kh8 27. Nh4 Rac8 28. Rbc1 Qe6 29. Qxh5 Rg8 30. Nf5 Rg6 31. Rxf4 Kg8 32. Rg4 Kh7 33. Nxe3 Rxg4 34. Nxg4 1-0

[Event "Landesklasse West 2024/25"]
[Site "?"]
[Date "2025.05.11"]
[Round "9.4"]
[White "Pinnau, Hannes"]
[Black "Breuer, Harald"]
[Result "1-0"]
[WhiteElo "1672"]
[BlackElo "1763"]
[PlyCount "38"]
[EventDate "2024.09.15"]
[EventType "team-tourn"]
[EventRounds "9"]
[WhiteTeam "SV Wartburgstadt Eisenach"]
[BlackTeam "SV Ammern"]

1. d4 Nf6 2. Nc3 d5 3. Bf4 e6 4. Nb5 Na6 5. e3 c6 6. Nc3 Nc7 7. a3 Bd7 8. Nf3 Be7 9. Bd3 O-O 10. Ne5 c5 11. dxc5 Bxc5 12. h4 Bc6 13. Qf3 a6 14. h5 Bd6 15. Qg3 Bxe5 16. Bxe5 Nfe8 17. Bxg7 Nxg7 18. h6 Nce8 19. hxg7 Nxg7 1-0

[Event "Landesklasse West 2024/25"]
[Site "?"]
[Date "2025.05.11"]
[Round "9.5"]
[White "Hensel, Thomas"]
[Black "Lotz, Arthur"]
[Result "0-1"]
[WhiteElo "1612"]
[BlackElo "1388"]
[PlyCount "74"]
[EventDate "2024.09.15"]
[EventType "team-tourn"]
[EventRounds "9"]
[WhiteTeam "SV Ammern"]
[BlackTeam "SV Wartburgstadt Eisenach"]

1. c4 c6 2. d4 d5 3. Nc3 Nf6 4. g3 e6 5. Bg2 Nbd7 6. cxd5 cxd5 7. Nf3 Bd6 8. O-O a6 9. a4 b6 10. Re1 Bb7 11. Nd2 Bb4 12. e4 Bxc3 13. bxc3 Nxe4 14. Nxe4 dxe4 15. Bxe4 Bxe4 16. Rxe4 O-O 17. Rh4 Re8 18. Qd3 f5 19. d5 Ne5 20. Qe2 Qxd5 21. Rh3 Nf3+ 22. Kf1 Red8 23. Be3 Nh4 24. Ke1 Qh1+ 25. Qf1 Ng2+ 26. Ke2 Qxf1+ 27. Rxf1 Nxe3 28. Kxe3 Rac8 29. Rc1 Rc4 30. Rh4 Rxh4 31. gxh4 Rc8 32. Kd4 Kf7 33. Ke5 Ke7 34. h5 Rc5+ 35. Kd4 Ra5 36. Rg1 Rxa4+ 37. c4 Kf6 0-1

[Event "Landesklasse West 2024/25"]
[Site "?"]
[Date "2025.05.11"]
[Round "9.6"]
[White "Busch, Leon"]
[Black "Schorch, Rüdiger"]
[Result "1/2-1/2"]
[WhiteElo "1511"]
[BlackElo "1919"]
[PlyCount "51"]
[EventDate "2024.09.15"]
[EventType "team-tourn"]
[EventRounds "9"]
[WhiteTeam "SV Wartburgstadt Eisenach"]
[BlackTeam "SV Ammern"]

1. d4 d5 2. Nc3 Nf6 3. Bf4 c6 4. e3 Bf5 5. Nf3 h6 6. Ne5 Nbd7 7. Bd3 Bxd3 8. cxd3 e6 9. h3 Be7 10. O-O O-O 11. Rc1 Nxe5 12. Bxe5 Bd6 13. Qb3 Rb8 14. Na4 Bxe5 15. dxe5 Nd7 16. d4 f6 17. f4 fxe5 18. fxe5 Rxf1+ 19. Rxf1 b5 20. Nc3 c5 21. Ne2 Qb6 22. Kh1 Rf8 23. Rxf8+ Kxf8 24. Qd3 Qa5 25. Nf4 cxd4 26. Qg6 1/2-1/2

[Event "Landesklasse West 2024/25"]
[Site "?"]
[Date "2025.05.11"]
[Round "9.7"]
[White "Langer, Günther"]
[Black "Schubert, Wilhelm Richard"]
[Result "1-0"]
[WhiteElo "1365"]
[BlackElo "1347"]
[PlyCount "63"]
[EventDate "2024.09.15"]
[EventType "team-tourn"]
[EventRounds "9"]
[WhiteTeam "SV Ammern"]
[BlackTeam "SV Wartburgstadt Eisenach"]

1. b4 d5 2. Bb2 Bf5 3. e3 e6 4. Nf3 Nf6 5. a3 Bd6 6. c4 c6 7. cxd5 cxd5 8. Be2 O-O 9. O-O Nbd7 10. d3 Nb6 11. Nh4 Bg6 12. Nxg6 hxg6 13. Nd2 Rc8 14. Bf3 e5 15. Qb3 Re8 16. Rac1 Qd7 17. h3 e4 18. Rxc8 Nxc8 19. dxe4 dxe4 20. Be2 Nb6 21. Rd1 Qc7 22. Nc4 Nxc4 23. Bxc4 Rc8 24. Bxf7+ Qxf7 25. Qxf7+ Kxf7 26. Rxd6 Re8 27. g4 Re7 28. Rd1 Re6 29. Bd4 Ra6 30. Ra1 Ke6 31. a4 Kd5 32. b5 1-0

[Event "Landesklasse West 2024/25"]
[Site "?"]
[Date "2025.05.11"]
[Round "9.1"]
[White "Meyer, Thomas"]
[Black "Kirsch, Uwe"]
[Result "1-0"]
[WhiteElo "1908"]
[BlackElo "1919"]
[PlyCount "72"]
[EventDate "2024.09.15"]
[EventType "team-tourn"]
[EventRounds "9"]
[WhiteTeam "VfB 1919 Vacha"]
[BlackTeam "TSG Ruhla"]

1. c4 d6 2. Nc3 e5 3. e4 Nf6 4. g3 g6 5. Bg2 Bg7 6. Nge2 O-O 7. O-O Be6 8. d3 Qd7 9. Rb1 a5 10. Nd5 Nxd5 11. cxd5 Bh3 12. Be3 Bxg2 13. Kxg2 f5 14. f4 Rf7 15. Qc2 Na6 16. a3 a4 17. fxe5 dxe5 18. d4 Re8 19. dxe5 Rxe5 20. Nc3 fxe4 21. Rxf7 Kxf7 22. Rf1+ Kg8 23. Rf4 b5 24. Rxe4 c6 25. Rxe5 Bxe5 26. Qe4 Qd6 27. dxc6 Nb8 28. Nxb5 Qxc6 29. Qxc6 Nxc6 30. Nc3 Bxc3 31. bxc3 Kf7 32. Kf3 Kf6 33. Ke4 Ke6 34. Bc5 Ne5 35. h3 Nc6 36. Bb4 Nd8 {ab hier ist die "Notation" von beiden Spielern nicht mehr nachvollziehbar. Ich kann in diesem Fall gar nicht von Notation sprechen. Es wurde auch nach der Partie nicht versucht, diese zu rekonstruieren. Wo war der Schiedsrichter?} 1-0

[Event "Landesklasse West 2024/25"]
[Site "?"]
[Date "2025.05.11"]
[Round "9.2"]
[White "Otte, Wilhelm von"]
[Black "Korn, Kevin"]
[Result "1-0"]
[WhiteElo "1900"]
[BlackElo "1570"]
[PlyCount "101"]
[EventDate "2024.09.15"]
[EventType "team-tourn"]
[EventRounds "9"]
[WhiteTeam "TSG Ruhla"]
[BlackTeam "VfB 1919 Vacha"]

1. e4 c5 2. c3 d5 3. exd5 Qxd5 4. Nf3 Nc6 5. Na3 Nf6 6. Bc4 Qd8 7. O-O e6 8. d4 cxd4 9. Nb5 Bd7 10. Bf4 Rc8 11. cxd4 a6 12. Nd6+ Bxd6 13. Bxd6 Ne7 14. Rc1 O-O 15. Re1 Re8 16. Qe2 Ned5 17. h3 Bc6 18. Be5 Re7 19. g4 Nd7 20. Bd6 Re8 21. Bg3 Qf6 22. Ne5 Nxe5 23. dxe5 Qh6 24. h4 g5 25. h5 Rcd8 26. a3 a5 27. Bxd5 exd5 28. Qd2 a4 29. Bh4 f6 30. exf6 Qxf6 31. Qxg5+ Qxg5 32. Bxg5 Rxe1+ 33. Rxe1 Rd7 34. Re7 Rxe7 35. Bxe7 d4 36. Kh2 Bb5 37. Kg3 d3 38. Bb4 Kf7 39. Kf4 Kf6 40. Bc3+ Kf7 41. Ke3 Ke6 42. f4 Kf7 43. f5 h6 44. Kf4 Bc6 45. Ke3 Bd5 46. Kf4 Bc6 47. g5 hxg5+ 48. Kxg5 Bd5 49. h6 Kg8 50. Kf6 Bf7 51. h7+ 1-0

[Event "Landesklasse West 2024/25"]
[Site "?"]
[Date "2025.05.11"]
[Round "9.3"]
[White "Laut, Martin"]
[Black "Thrän, Uwe"]
[Result "1/2-1/2"]
[WhiteElo "1539"]
[BlackElo "1748"]
[PlyCount "83"]
[EventDate "2024.09.15"]
[EventType "team-tourn"]
[EventRounds "9"]
[WhiteTeam "VfB 1919 Vacha"]
[BlackTeam "TSG Ruhla"]

1. e4 e6 2. d4 d5 3. exd5 exd5 4. Nf3 Bd6 5. Bd3 Nf6 6. Bg5 O-O 7. O-O Bg4 8. Nbd2 Nbd7 9. c3 c6 10. h3 Bh5 11. Qc2 Qc7 12. Rfe1 Rfe8 13. Rxe8+ Rxe8 14. Re1 Rxe1+ 15. Nxe1 Bf4 16. Bxf4 Qxf4 17. g3 Qd6 18. Ng2 Bg6 19. Bxg6 hxg6 20. Qd3 Qe6 21. Kh2 Ne4 22. Nxe4 dxe4 23. Qb1 Nf6 24. b3 Nd5 25. Qc2 f5 26. Qd2 Qe7 27. Ne3 f4 28. Nxd5 fxg3+ 29. fxg3 cxd5 30. Qe3 b5 31. Kg2 a5 32. Qe2 Qe8 33. g4 Qc6 34. Qc2 a4 35. Kg3 Qd6+ 36. Kg2 axb3 37. axb3 Qf6 38. Qe2 Qf4 39. c4 bxc4 40. bxc4 dxc4 41. Qxc4+ Kh7 42. Qe2 1/2-1/2

[Event "Landesklasse West 2024/25"]
[Site "?"]
[Date "2025.05.11"]
[Round "9.4"]
[White "Fink, Klaus"]
[Black "Schubert, Ralf"]
[Result "1-0"]
[WhiteElo "1761"]
[BlackElo "1400"]
[PlyCount "51"]
[EventDate "2024.09.15"]
[EventType "team-tourn"]
[EventRounds "9"]
[WhiteTeam "TSG Ruhla"]
[BlackTeam "VfB 1919 Vacha"]

1. e4 e5 2. Nf3 Nc6 3. Nc3 Nf6 4. Be2 Bb4 5. d3 h6 6. O-O O-O 7. h3 Re8 8. Be3 d5 9. exd5 Nxd5 10. Nxd5 Qxd5 11. Nd2 Bxd2 12. Qxd2 Nd4 13. Bd1 Nf5 14. Bf3 Qd6 15. Be4 Nxe3 16. fxe3 g6 17. g4 c6 18. Qf2 Be6 19. Qf6 Rf8 20. Bxg6 fxg6 21. Qxg6+ Kh8 22. Qxh6+ Kg8 23. Qg6+ Kh8 24. Rf5 Rxf5 25. Qh6+ Kg8 26. gxf5 1-0

[Event "Landesklasse West 2024/25"]
[Site "?"]
[Date "2025.05.11"]
[Round "9.5"]
[White "Bock, Hans-Juergen"]
[Black "Brückmann, Volker"]
[Result "0-1"]
[WhiteElo "1372"]
[BlackElo "1728"]
[PlyCount "44"]
[EventDate "2024.09.15"]
[EventType "team-tourn"]
[EventRounds "9"]
[WhiteTeam "VfB 1919 Vacha"]
[BlackTeam "TSG Ruhla"]

1. e4 c5 2. Nf3 Nc6 3. d4 cxd4 4. Nxd4 d6 5. Nc3 g6 6. Be3 Nf6 7. Nxc6 bxc6 8. Qd2 Bg7 9. Bh6 O-O 10. Bxg7 Kxg7 11. Be2 a5 12. f3 a4 13. a3 Qb6 14. Rb1 Rd8 15. g4 e5 16. h4 h5 17. gxh5 Nxh5 18. Qg5 Rh8 19. Kf1 Qd8 20. Qe3 Ng3+ 21. Kg2 Nxh1 22. Rxh1 Rxh4 0-1

[Event "Landesklasse West 2024/25"]
[Site "?"]
[Date "2025.05.11"]
[Round "9.6"]
[White "Voß, Ewald"]
[Black "Winges, Andre"]
[Result "1-0"]
[WhiteElo "1653"]
[BlackElo "1103"]
[PlyCount "69"]
[EventDate "2024.09.15"]
[EventType "team-tourn"]
[EventRounds "9"]
[WhiteTeam "TSG Ruhla"]
[BlackTeam "VfB 1919 Vacha"]

1. e4 d5 2. exd5 Qxd5 3. Nc3 Qa5 4. d4 c6 5. Nf3 Nf6 6. Be2 Bf5 7. O-O e6 8. a3 Bd6 9. h3 Nbd7 10. Be3 h6 11. Nd2 O-O-O 12. Nc4 Qc7 13. Nxd6+ Qxd6 14. b4 b5 15. Bd3 Kb7 16. Bxf5 exf5 17. Qf3 g6 18. Nxb5 Qe6 19. c4 Ne4 20. d5 cxd5 21. c5 Ne5 22. Qd1 Nc4 23. Bd4 Rhe8 24. Re1 Qc6 25. Nc3 Nxc3 26. Bxc3 Rxe1+ 27. Qxe1 Re8 28. Qd1 Qe6 29. Qa4 Qc6 30. b5 Qxc5 31. b6 Ra8 32. Qd7+ Kxb6 33. Rb1+ Ka6 34. Bd4 Qa5 35. Qb7# 1-0

[Event "Landesklasse West 2024/25"]
[Site "?"]
[Date "2025.05.11"]
[Round "9.7"]
[White "Marschall, Andreas"]
[Black "Hagen, Matthias"]
[Result "1-0"]
[WhiteElo "1536"]
[BlackElo "1632"]
[PlyCount "58"]
[EventDate "2024.09.15"]
[EventType "team-tourn"]
[EventRounds "9"]
[WhiteTeam "VfB 1919 Vacha"]
[BlackTeam "TSG Ruhla"]

1. d4 Nf6 2. Nf3 d5 3. h3 e6 4. e3 Nc6 5. Bd3 Bd6 6. a3 O-O 7. Nc3 e5 8. dxe5 Nxe5 9. Nxe5 Bxe5 10. Bd2 Re8 11. O-O b6 12. f4 Bd6 13. b4 c5 14. Bb5 Bd7 15. Bxd7 Qxd7 16. Qf3 Ne4 17. Nxe4 dxe4 18. Qe2 Rac8 19. Rfd1 Qa4 20. Bc1 Be7 21. c3 cxb4 22. cxb4 Bxb4 23. Rd4 Rxc1+ 24. Rxc1 Qxa3 25. Rcd1 h6 26. Kh2 Bc5 27. Rd8 Rxd8 28. Rxd8+ Kh7 29. Qg4 Qxe3 1-0

[Event "Landesklasse West 2024/25"]
[Site "?"]
[Date "2025.05.11"]
[Round "9.8"]
[White "Körner, Chris"]
[Black "Müller, Danilo"]
[Result "0-1"]
[WhiteElo "1193"]
[BlackElo "1501"]
[PlyCount "120"]
[EventDate "2024.09.15"]
[EventType "team-tourn"]
[EventRounds "9"]
[WhiteTeam "TSG Ruhla"]
[BlackTeam "VfB 1919 Vacha"]

1. e4 d5 2. exd5 Qxd5 3. Nc3 Qa5 4. d4 c6 5. Nf3 Bf5 6. Bd3 e6 7. O-O Bd6 8. Re1 Nf6 9. Bd2 Bxd3 10. cxd3 Qc7 11. h3 Nbd7 12. Bg5 O-O 13. Bxf6 Nxf6 14. Rb1 Rad8 15. Qc2 Qb8 16. Ne4 Be7 17. Nxf6+ Bxf6 18. Qc3 Qd6 19. Re4 Rd7 20. Rd1 Rfd8 21. Qb3 Qd5 22. Qxd5 Rxd5 23. Kf1 Bxd4 24. Nxd4 Rxd4 25. Rxd4 Rxd4 26. Ke2 Kf8 27. Rc1 Ke7 28. Rc4 Rd5 29. b3 Kd6 30. f4 b5 31. Rc2 a5 32. a3 f5 33. g3 Rc5 34. Kd2 Rxc2+ 35. Kxc2 Kd5 36. Kc3 c5 37. Kc2 Kd4 38. Kd2 h5 39. h4 g6 40. a4 bxa4 41. bxa4 c4 42. dxc4 Kxc4 43. Kc2 Kb4 44. Kb2 Kxa4 45. Kc3 Kb5 46. Kb3 Kc5 47. Ka4 Kd5 48. Kxa5 e5 49. fxe5 Kxe5 50. Kb4 Ke4 51. Kc3 Kf3 52. Kd2 Kxg3 53. Ke2 Kxh4 54. Kf2 g5 55. Kg2 Kg4 56. Kh1 Kg3 57. Kg1 Kf3 58. Kh2 Ke2 59. Kg2 f4 60. Kh1 f3 0-1

[Event "Landesklasse West 2024/25"]
[Site "?"]
[Date "2025.05.11"]
[Round "9.1"]
[White "Königsmann, Marcus"]
[Black "Hübschmann, Holger"]
[Result "0-1"]
[WhiteElo "1959"]
[BlackElo "1951"]
[PlyCount "70"]
[EventDate "2024.09.15"]
[EventType "team-tourn"]
[EventRounds "9"]
[WhiteTeam "SC 1951 Nordhausen"]
[BlackTeam "Randspringer Bad Salzungen"]

{[%evp 0,70,27,23,45,30,33,1,1,20,-10,6,-2,19,8,17,11,11,52,46,33,-3,-6,-6,-6,-246,-246,-273,-266,-254,-280,-269,-266,-334,-336,-330,-302,-289,-284,-290,-285,-272,-224,-224,-224,-231,-221,-226,-228,-228,-206,-265,-267,-336,-277,-272,-255,-278,-278,-374,-383,-389,-389,-410,-356,-441,-468,-468,-515,-1565,-574,-580,-567]} 1. e4 e6 2. d4 d5 3. e5 c5 4. c3 Nc6 5. Nf3 Qb6 6. Bd3 Bd7 7. dxc5 Bxc5 8. O-O a5 9. Nbd2 f6 10. Nb3 fxe5 11. Nxc5 Qxc5 12. Nxe5 Nxe5 13. Qh5+ Nf7 14. Be3 Qd6 15. Bd4 Nf6 16. Bxf6 gxf6 17. f4 Qe7 18. c4 dxc4 19. Bxc4 Rc8 20. Rac1 Qc5+ 21. Qxc5 Rxc5 22. Bxe6 Rxc1 23. Bxd7+ Kxd7 24. Rxc1 Rc8 25. Rd1+ Nd6 26. Rd5 b6 27. Rd2 Ke6 28. g3 Ne4 29. Rd4 Rc1+ 30. Kg2 Rc2+ 31. Kf3 Nd6 32. b4 a4 33. f5+ Nxf5 34. Kg4 Nd6 35. a3 Rc4 0-1

[Event "Landesklasse West 2024/25"]
[Site "?"]
[Date "2025.05.11"]
[Round "9.2"]
[White "Roth, Ralf"]
[Black "Kuntze, Andreas"]
[Result "1/2-1/2"]
[WhiteElo "1816"]
[BlackElo "1999"]
[PlyCount "29"]
[EventDate "2024.09.15"]
[EventType "team-tourn"]
[EventRounds "9"]
[WhiteTeam "Randspringer Bad Salzungen"]
[BlackTeam "SC 1951 Nordhausen"]

{[%evp 0,29,27,34,78,69,79,75,89,85,93,87,89,55,61,55,55,41,58,41,41,59,38,40,31,20,14,2,23,12,12,-31]} 1. d4 d6 2. e4 Nf6 3. Nc3 e5 4. dxe5 dxe5 5. Qxd8+ Kxd8 6. Bc4 Be6 7. Bxe6 fxe6 8. Bg5 Bd6 9. O-O-O Ke7 10. f3 a6 11. Nh3 Nc6 12. Ne2 Bc5 13. c3 b5 14. a3 a5 15. Kc2 1/2-1/2